00583 2200205 4500001002100000005001700021008004100038035002400079040001200103082001500115090002000130100001900150245007700169260002600246300002500272500002700297650002400324850001200348990001700360INLIS00000000002237220160907135347.0  0010-091600000000144 aYOPDYOG 223a371.27 aSK 371.27 Lin H aLINDA HARJANTO aHubungan efikasi diri dan sikap kompetitif superiorityc/ Linda Harjanto aYogyakartabUGMc1997 ax, 47 hlm.c; 30 cm. aSkripsi UGM Yogyakarta aPendidikan-evaluasi aYOPDYOG a44911PD/A.12